| 000 | 00667nam a2200181Ia 4500 | ||
|---|---|---|---|
| 008 | 190422s9999 xx 000 0 und d | ||
| 100 | _aShen, Cuihua | ||
| 245 | _aFake images: The effects of source, intermediary, and digital media literacy on contextual assessment of image credibility online / | ||
| 245 | _cCuihua Shen, Mona Kasra, Wenjing Pan, Grace A Basset, Yining Malloch and James F O'Brien.-- | ||
| 260 | _bSage | ||
| 260 | _c2019 | ||
| 300 | _apages 438-463 February 2019 | ||
| 440 |
_aNew Media & Society _v21(2) |
||
| 650 | _aDigital Media Literacy | ||
| 650 | _aImage Credibility | ||
| 650 | _aImage Manipulation | ||
| 650 | _aSource Credibility | ||
| 999 |
_c361440 _d361440 |
||